000 00375 a2200157 4500
001 47305
020 _a9788580739190
040 _cAnchieta - Aquarius
100 _aMARCOS, Daniella
240 1 0 _a*Contos Clássicos Chiquititas
_lpor
245 1 0 _a*Contos Clássicos Chiquititas
300 _a12p.
362 0 _a2013
650 4 _aLiteratura infanto-juvenil
942 _cBK
999 _c47305
_d47305